000 00462cam a22001934a 4500
005 20250605164156.0
008 250528s ||||||||||||||||||||||||d
035 _a19585
020 _a140268367
040 _aGR-AtMCL
_bgre
_dGR-AtMCL
_eAACR2
245 1 _aLLOYDS BANK SMALL BUSINESS GUIDE
250 _a11
260 _bPenguin Books,
_c1998
300 _a457
700 1 _aWilliams Sara
_93846
942 _cBK
999 _c4841
_d4841